000 00708nam a2200265Ia 4500
005 20260302114149.0
008 008 260114s9999 xx 000 0 eng d
020 _a9781350162204
037 _aTextbook
040 _aCRL
040 _beng
040 _cCRL
041 _2eng
041 _aeng
084 _qCRL
100 _aDan Shaw, Kingsley Marshall, and James Rocha
_91117949
245 0 _aPhilosophical Reflections on Black Mirror
260 _bBloomsbury
260 _bBloomsbury Academic
260 _c2022
650 _aPhilosophy
856 _uhttps://doi.org/10.5040/9781350162204?locatt=label:secondary_bloomsburyCollections
942 _cEBOOK
999 _c1681568
_d1681568